| 000 | 01385cam a2200385 a 4500 | ||
|---|---|---|---|
| 005 | 20260322212045.0 | ||
| 008 | data | ||
| 010 | _a 00064719 | ||
| 020 | _a037575718X | ||
| 020 | _a9780375757181 | ||
| 040 |
_aDLC _cDLC _dDLC |
||
| 043 | _ae-uk-en | ||
| 050 | 0 | 0 |
_aPR4747 _b.A1 2000 |
| 082 | 0 | 0 |
_a823/.8 _221 |
| 092 | _a823.8 A1 2000 | ||
| 100 | 1 |
_aHardy, Thomas, _d1840-1928. |
|
| 245 | 1 | 4 |
_aThe return of the native / _cThomas Hardy. |
| 250 |
_a2001 Modern Library pbk. ed. / _bintroduction by Alexander Theroux. |
||
| 260 |
_aNew York : _bModern Library, _cc2000. |
||
| 300 |
_axiv, 426 p. : _bmap ; _c21 cm. |
||
| 440 | 4 | _aThe Modern Library classics | |
| 500 | _a"Includes a Modern Library reading group guide"--P. [4] of cover. | ||
| 650 | 0 |
_aPeople with visual disabilities _vFiction. |
|
| 650 | 0 |
_aMothers and sons _vFiction. |
|
| 650 | 0 |
_aMate selection _vFiction. |
|
| 650 | 0 |
_aHeathlands _vFiction. |
|
| 650 | 0 |
_aAdultery _vFiction. |
|
| 651 | 0 |
_aWessex (England) _vFiction. |
|
| 655 | 7 |
_aDidactic fiction. _2gsafd |
|
| 655 | 7 |
_aLove stories. _2gsafd |
|
| 856 | 4 | 2 |
_3Contributor biographical information _uhttp://www.loc.gov/catdir/bios/random052/00064719.html |
| 856 | 4 | 1 |
_3Sample text _uhttp://www.loc.gov/catdir/samples/random042/00064719.html |
| 856 | 4 | 2 |
_3Publisher description _uhttp://www.loc.gov/catdir/description/random046/00064719.html |
| 001 | data | ||
| 999 |
_c1061 _d1061 |
||